1921 1504 1263 1967 1203 1813 1508 1175 1648 1307 1041 1476 1423 1781 1833 1789 1386 1159 1026 1454 1005 1905 1914 1640 1140 1173 1475 1691 1764 1876 1225 1350 1958 1260 1636 1213 1982 1155 1198 1456 1742 1520 1279 1115 1683 1639 1656 1518 1499 1596 1492 1777 1927 1369 1727 1464 1454 1686 1195 1775 1792 1786 1403 1059 1081 1037 1464 1047 1747 1517 1241 1943 1965 1427 1429 1039 1617 1668 1128 1923 1382 1784 1776 1238 1248 1997 1735 1183 1568 1861 1814 1216 1725 1450 1612 1063 1333 1841 1680 BCNSPRNW ULIB Ver.6.0+V

เปลี่ยนเป็นภาษาไทย

Change to English
 แสดงรายละเอียดบรรณานุกรม
  กลับหน้าหลัก

Brief Record : Get Marc (ISO 2709) : E-mail record : QR code < ปิดหน้าต่าง
LEADER : 00000nam 2200000uu 4500
001    13399110940
003     ULIB
008    110613s||||||||th 000 0 tha d
020    9749183320
050  4 AC158^bอ311ด 2004
100    อแมนดา โอนิลล์
245    เด็กๆรู้ไหมทำไมนกแร้งหัวล้าน^cผู้แต่ง อแมนดา โอนิลล์
260    กรุงเทพฯ : ^bโกรเลียร์ อินเตอร์เนชั่นแนล, ^c2004
300    32 หน้า : ^bภาพประกอบสี ; ^c28 ซม.
650  7 ความรู้รอบตัว
650  7 นกแร้ง
945    ^p350^l0^i029024
995    ทศพร
999 ^a ใช้งานได้ทุกระบบ
รายการนี้ยังไม่มีแท็ก
คุณยังไม่ได้ล็อกอิน คุณสามารถมีกิจกรรมร่วมกับเว็บไซต์ได้ แต่ต้องล็อกอินก่อน ::
  ล็อกอิน

รายการสื่อสารสนเทศ

ลำดับที่ ประเภท เลขเรียก/บาร์โค้ด สถานที่ สถานะ
- ไม่พบข้อมูล -

รายการใกล้เคียง
    ผู้แต่ง [อแมนดา โอนิลล์]

    หัวเรื่อง [ความรู้รอบตัว]

BibComment


ยังไม่เคยถูกคอมเมนท์

คอมเมนท์ทรัพยากรรายการนี้
  คอมเมนท์: เด็กๆรู้ไหมทำไมนก..


 Copyright 2026. Bcnsprnw @Library